[Event "It (open) \"]
[Site "Buenos Aires (Argentina)"]
[Round "3"]
[White "Roca Alfredo (ARG)"]
[Black "Filgueira Hernan (ARG)"]
[Result "1-0"]
[WhiteElo "2385"]
[BlackElo "2310"]

1.c4 g6 2.Nc3 Bg7 3.g3 Nc6 4.Bg2 d6 5.d3 e5 6.e4 Nge7 7.Nge2 Be6 8.Nd5 O-O
9.Be3 f5 10.Qd2 Qd7 11.O-O Rae8 12.Rab1 a6 13.b4 b5 14.cxb5 axb5 15.Rfc1 Bf7
16.Nxe7+ Nxe7 17.d4 fxe4 18.dxe5 Nf5 19.exd6 Nxd6 20.Nf4 Bc4 21.a4 Qf7 22.axb5
Nxb5 23.Rxc4 Qxc4 24.Bf1 Qc6 25.Rc1 Qb7 26.Qd7 Nc3 27.Bc4+ Kh8 28.Nxg6+ {#r}
1-0

[Event "It (open)"]
[Site "Calcutta (India)"]
[Round "0"]
[White "King Daniel J (ENG)"]
[Black "Kasi AL (IND)"]
[Result "1-0"]
[WhiteElo "2455"]
[BlackElo "2240"]

1.c4 e5 2.g3 Nc6 3.Bg2 g6 4.Nc3 Bg7 5.d3 d6 6.e4 Nd4 7.Nce2 c5 8.Nxd4 cxd4
9.f4 Ne7 10.Nf3 b5 11.b3 bxc4 12.bxc4 O-O 13.O-O Qa5 14.Bd2 Qa3 15.Qb3 Qa6
16.Bb4 exf4 17.gxf4 Rb8 18.Qa3 Rd8 19.Rab1 Rb6 20.Qxa6 Bxa6 21.Ba5 Rxb1
22.Rxb1 Rc8 23.Bb4 Rd8 24.e5 Nf5 25.exd6 Nxd6 26.Ne5 Nf5 27.Bc5 Bh6 28.Nc6 Rc8
29.Bxa7 Re8 30.Nb4 Bc8 31.Nd5 Kg7 32.Be4 {#r} 1-0

[Event "It (open) \"]
[Site "Cologne (Germany)"]
[Round "6"]
[White "Miezis Normunds (LAT)"]
[Black "Koscielski Janus Darius (GER)"]
[Result "1-0"]
[WhiteElo "2534"]
[BlackElo "2315"]

1.c4 g6 2.Nc3 Bg7 3.g3 d6 4.Bg2 e5 5.d3 Nc6 6.e4 Nd4 7.h3 Ne7 8.Nge2 Nxe2
9.Qxe2 Nc6 10.O-O Nd4 11.Qd1 Be6 12.Kh2 Qd7 13.f4 c6 14.Be3 O-O 15.Qd2 a6
16.Na4 Rab8 17.Bxd4 exd4 18.c5 f5 19.cxd6 fxe4 20.dxe4 b5 21.Nc5 Qxd6 22.Nxa6
Ra8 23.e5 Qd7 24.Nc5 Qe7 25.Nxe6 Qxe6 26.Rfc1 Rxa2 27.Rxa2 Qxa2 28.Qxd4 {#r}
1-0

[Event "It"]
[Site "Dhaka (Bangladesh)"]
[Round "0"]
[White "King Daniel J (ENG)"]
[Black "Reefat Bin-Sattar (BAN)"]
[Result "0-1"]
[WhiteElo "2455"]
[BlackElo "2441"]

1.c4 e5 2.g3 Nc6 3.Bg2 g6 4.Nc3 Bg7 5.d3 d6 6.e4 h5 7.h4 Nh6 8.Nge2 Be6 9.Nd5
O-O 10.f3 Ne7 11.Be3 c6 12.Nxe7+ Qxe7 13.Qd2 Kh7 14.Nc3 b5 15.cxb5 d5 16.Bf2
d4 17.Ne2 c5 18.O-O f5 19.f4 fxe4 20.Bxe4 Bh3 21.fxe5 Bxf1 22.Nf4 Nf5 23.Bxa8
Rxa8 24.e6 Ne3 25.Rxf1 Nxf1 26.Kxf1 Bh6 27.Qe2 Bxf4 28.gxf4 Rf8 29.b4 cxb4
30.Qe5 Rf5 31.Qxd4 Qxe6 32.Qxa7+ Rf7 33.Qe3 Qxa2 34.Qe5 Qd2 35.b6 b3 36.b7
Qxd3+ 37.Kg2 Rxb7 38.Bd4 Qxd4 39.Qxd4 b2 {#R} 0-1

[Event "Tournament (f)"]
[Site "Flint (USA)"]
[Round "2"]
[White "Johnson Robert K (USA)"]
[Black "Tsemekhman Vadim (USA)"]
[Result "0-1"]
[WhiteElo "2139"]
[BlackElo "2355"]

1.c4 g6 2.Nc3 Bg7 3.g3 e5 4.Bg2 d6 5.d3 Nc6 6.e3 f5 7.Nge2 Nf6 8.O-O O-O 9.Rb1
Ne7 10.b4 c6 11.e4 Be6 12.Bg5 h6 13.Bxf6 Bxf6 14.b5 Qd7 15.bxc6 bxc6 16.Qa4 f4
17.gxf4 Bh3 18.f5 Bxg2 19.Kxg2 gxf5 20.Rg1 f4 21.Kf1+ Kh8 22.Qa6 Qh3+ 23.Ke1
Bh4 24.Rb7 Qe3 25.Nd5 Qxf2+ 26.Kd1 f3 27.Nxe7 fxe2+ 28.Kc1 Qxg1+ {#R} 0-1

[Event "Bundesliga (2nd) West 1992/93"]
[Site "Germany"]
[Round "0"]
[White "Sehner Norbert (GER)"]
[Black "Weichert Helmut (GER)"]
[Result "1-0"]
[WhiteElo "2373"]
[BlackElo "2255"]

1.c4 g6 2.g3 Bg7 3.Bg2 Nc6 4.Nc3 d6 5.d3 e5 6.e3 Nf6 7.Rb1 a5 8.Nge2 Bg4 9.h3
Bf5 10.a3 O-O 11.O-O h5 12.Kh2 Re8 13.e4 Be6 14.b4 axb4 15.axb4 Nh7 16.b5 Ne7
17.Be3 c6 18.bxc6 bxc6 19.Rb7 d5 20.exd5 cxd5 21.Bb6 Qc8 22.Rc7 Qa6 23.cxd5
Qxb6 24.Rxe7 Bf5 25.Rxe8+ Rxe8 26.Ne4 Bd7 27.Qb1 Qd8 28.Qb7 h4 29.Rc1 f5
30.Rc7 fxe4 31.Rxd7 Qf6 32.dxe4 Nf8 33.Rc7 Bh6 34.Qc6 Qxf2 35.Qxe8 Qxe2
36.Qf7+ Kh8 37.Qf6+ Kg8 38.Qxh4 Be3 39.Qf6 {#r} 1-0

[Event "Landesliga"]
[Site "Germany"]
[Round "0"]
[White "Majer Damir (GER)"]
[Black "Libeau Rene (GER)"]
[Result "1-0"]
[WhiteElo "2256"]
[BlackElo "2425"]

1.c4 e5 2.Nc3 Nc6 3.g3 g6 4.Bg2 Bg7 5.d3 d6 6.Nf3 Nf6 7.O-O O-O 8.Rb1 a5 9.a3
Nd4 10.Nxd4 exd4 11.Nb5 Ng4 12.h3 c6 13.hxg4 Bxg4 14.Bf4 cxb5 15.cxb5 Qd7
16.a4 Rfe8 17.Re1 Re7 18.Qd2 f6 19.Qc2 Rc8 20.Qb3+ Be6 21.Qa3 d5 22.Rbc1 Ree8
23.Bd2 Bf8 24.b4 Rxc1 25.Rxc1 Bh3 26.Bf3 Bg4 27.Qb3 Bxf3 28.exf3 Bxb4 29.Bxb4
axb4 30.Rc5 Re5 31.Qxb4 Kf7 32.Kg2 h5 33.b6 {#r} 1-0

[Event "It \"]
[Site "Hungary"]
[Round "4"]
[White "Deutsch Ludwig (AUT)"]
[Black "Boronyak Arpad (HUN)"]
[Result "0-1"]
[WhiteElo "2115"]
[BlackElo "2233"]

1.c4 g6 2.Nc3 Bg7 3.g3 Nc6 4.Bg2 e5 5.d3 d6 6.Nf3 Nge7 7.h4 h6 8.Bd2 Be6 9.e4
O-O 10.Qc1 Kh7 11.Nd5 Bxd5 12.cxd5 Nd4 13.Nxd4 exd4 14.f4 f5 15.O-O c5 16.Qd1
h5 17.b4 cxb4 18.Bxb4 a5 19.Bd2 b5 20.Rc1 Qd7 21.Re1 b4 22.Rc4 Rac8 23.Rxc8
Rxc8 24.Qb3 fxe4 25.dxe4 a4 26.Qxb4 Rc2 27.a3 d3 28.Kh2 Qa7 29.Rf1 Rb2 30.Qa5
Qd4 31.Kh1 Qc4 32.Bb4 Qc2 33.Bd2 Qxd2 {#R} 0-1

[Event "Ch Macedonia"]
[Site "Macedonia"]
[Round "12"]
[White "Sofrevski Jovan (MKD)"]
[Black "Jacimovic Dragoljub (MKD)"]
[Result "0-1"]
[WhiteElo "2375"]
[BlackElo "2429"]

1.c4 e5 2.Nc3 Nc6 3.g3 g6 4.Bg2 Bg7 5.d3 d6 6.e3 h5 7.h4 Nh6 8.Rb1 Bg4 9.Nge2
a5 10.a3 Qd7 11.b4 axb4 12.axb4 O-O 13.b5 Nd8 14.e4 c6 15.Be3 Be6 16.f3 d5
17.cxd5 cxd5 18.Na4 dxe4 19.Nb6 Qxd3 20.Qxd3 exd3 21.Nxa8 dxe2 22.Nb6 Nf5
23.Bf2 Nd4 24.Bxd4 exd4 25.Kxe2 Re8 26.Kd2 Be5 27.f4 Bc7 28.Nd5 Ba5+ 29.Kd3
Bf5+ 30.Kxd4 Re2 31.Ra1 Ne6+ 32.Kc4 Rc2+ 33.Kb3 Nc5+ 34.Ka3 Rxg2 35.Rhg1 Re2
36.Ra2 Rxa2+ 37.Kxa2 Be6 38.Rd1 Ne4 39.Kb3 Nc3 {#R} 0-1

[Event "Ch City (juniors) (under 20)"]
[Site "Muenster (Germany)"]
[Round "0"]
[White "Lankenau Axel (GER)"]
[Black "Lang Torsten (GER)"]
[Result "0-1"]
[WhiteElo "2156"]
[BlackElo "2368"]

1.c4 g6 2.Nc3 Bg7 3.g3 d6 4.Bg2 Nc6 5.d3 e5 6.e4 h5 7.h4 Bg4 8.f3 Be6 9.Be3
Qd7 10.Nge2 Nh6 11.Nd5 f5 12.Qb3 Rb8 13.Rd1 O-O 14.Bh3 fxe4 15.Bxe6+ Qxe6
16.Bxh6 exf3 17.Bxg7 fxe2 18.Bxf8 exd1=R+ 19.Qxd1 Rxf8 20.Kd2 Qf7 21.Qe2 Nd4
{#R} 0-1

[Event "It (open) \"]
[Site "Netherlands"]
[Round "5"]
[White "Bartels Hans A (NED)"]
[Black "Kishnev Sergey (RUS)"]
[Result "0-1"]
[WhiteElo "2297"]
[BlackElo "2500"]

1.c4 e5 2.Nc3 d6 3.g3 g6 4.Bg2 Bg7 5.d3 Nc6 6.e4 f5 7.Nge2 Nf6 8.O-O O-O
9.exf5 Bxf5 10.h3 Qd7 11.g4 Be6 12.Ng3 h5 13.gxh5 Bxh3 14.hxg6 Ne7 15.f4 exf4
16.Bxf4 Nxg6 17.Bg5 c6 18.Bxf6 Rxf6 19.Qh5 Bg4 20.Qg5 Rxf1+ 21.Rxf1 Bd4+
22.Kh2 Qh7+ {#R} 0-1

[Event "Ch Netherlands (juniors) (under 20)"]
[Site "Nijmegen (Netherlands)"]
[Round "0"]
[White "Plomp Gordon (NED)"]
[Black "Kroeze Frank M (NED)"]
[Result "1-0"]
[WhiteElo "2193"]
[BlackElo "2411"]

1.c4 e5 2.Nc3 Nc6 3.g3 g6 4.Bg2 Bg7 5.d3 d6 6.Nf3 f5 7.O-O Nf6 8.Rb1 O-O 9.b4
h6 10.Nd5 Be6 11.b5 Bxd5 12.cxd5 Ne7 13.Nd2 Qe8 14.e4 Nd7 15.Nc4 Nc5 16.f4
exf4 17.gxf4 Qf7 18.Be3 b6 19.Qd2 a6 20.Bxc5 dxc5 21.d6 Bd4+ 22.Kh1 cxd6
23.exf5 Nxf5 24.Nxb6 Ne3 25.Nxa8 Nxf1 26.Rxf1 axb5 27.Nb6 Kg7 28.Nd5 Ra8 29.f5
gxf5 30.Ne7 Qxa2 31.Nxf5+ {#r} 1-0

[Event "It (open)"]
[Site "Paris (France)"]
[Round "6"]
[White "Manouck Thierry (FRA)"]
[Black "Dezan Pierre (FRA)"]
[Result "1-0"]
[WhiteElo "2301"]
[BlackElo "2147"]

1.c4 e5 2.g3 Nc6 3.Bg2 g6 4.Nc3 Bg7 5.d3 d6 6.Rb1 f5 7.b4 Nf6 8.b5 Nd4 9.e3
Ne6 10.Nge2 O-O 11.O-O g5 12.f4 gxf4 13.exf4 exf4 14.Nxf4 Nxf4 15.Bxf4 Ng4
16.Qd2 Be5 17.Rbe1 c6 18.bxc6 bxc6 19.d4 Bxf4 20.Qxf4 Ba6 21.Bxc6 Bxc4 22.Bxa8
Qa5 23.Re7 {#r} 1-0

[Event "It"]
[Site "Reggio Emilia (Italy)"]
[Round "0"]
[White "Belotti Bruno (ITA)"]
[Black "Godena Michele (ITA)"]
[Result "1-0"]
[WhiteElo "2410"]
[BlackElo "2505"]

1.c4 e5 2.d3 Nc6 3.Nc3 g6 4.g3 Bg7 5.Bg2 d6 6.Rb1 Nf6 7.e3 O-O 8.b4 Ne7 9.Nge2
Re8 10.Nd5 Nfxd5 11.cxd5 c6 12.dxc6 bxc6 13.O-O a5 14.b5 Rb8 15.Nc3 d5 16.Ba3
e4 17.bxc6 Rxb1 18.Nxb1 Nxc6 19.dxe4 Ba6 20.exd5 Bxf1 21.Bxf1 Nb4 22.Bc4 Qc7
23.Nd2 Bc3 24.Bb3 Qe5 25.Nf3 Qf6 26.Qe2 Qb6 27.Bc4 Qb7 28.e4 Qe7 29.Bd3 f5
30.Bb5 Qxe4 31.Qxe4 Rxe4 32.d6 Bf6 33.d7 Kf8 34.Bb2 Bd8 35.a3 Nd5 36.Nd4 Re1+
37.Kg2 Nf6 38.Nc6 Bc7 39.Bxf6 {#r} 1-0

[Event "It (open) \"]
[Site "Schwabisch Gmund (Germany)"]
[Round "1"]
[White "Wuerschum Joachim"]
[Black "Schneider Bernd (GER)"]
[Result "0-1"]
[WhiteElo "1815"]
[BlackElo "2244"]

1.c4 g6 2.Nc3 Bg7 3.g3 e5 4.d3 Nc6 5.Bg2 d6 6.e4 f5 7.f4 Nf6 8.Nf3 O-O 9.O-O
fxe4 10.Nxe4 Nxe4 11.dxe4 Be6 12.Qe2 Bg4 13.h3 Nd4 14.Qd3 Nxf3+ 15.Bxf3 Bxh3
16.Rf2 Qd7 17.Be3 b6 18.Rd1 Rae8 19.Rh2 Bg4 20.Kg2 Bxf3+ 21.Kxf3 Rf7 22.Rdh1
h5 23.Rf2 exf4 24.Bxf4 Qg4+ 25.Ke3 g5 26.Qd5 gxf4+ 27.Rxf4 Qxg3+ 28.Rf3 Qxf3+
{#R} 0-1

[Event "It (open)"]
[Site "Stockholm (Sweden)"]
[Round "0"]
[White "Eriksson Johan (SWE)"]
[Black "Furhoff Johan (SWE)"]
[Result "1-0"]
[WhiteElo "2305"]
[BlackElo "2370"]

1.c4 e5 2.g3 Nc6 3.Bg2 g6 4.Nc3 Bg7 5.d3 d6 6.Rb1 f5 7.Nf3 a6 8.O-O h6 9.Nd5
Nce7 10.b4 Nxd5 11.cxd5 Ne7 12.Qb3 O-O 13.Bb2 Rf7 14.a4 g5 15.b5 axb5 16.axb5
g4 17.Ne1 b6 18.Nc2 h5 19.Ra1 Rxa1 20.Rxa1 h4 21.Ra8 hxg3 22.hxg3 f4 23.d4 Nf5
24.dxe5 fxg3 25.fxg3 Rf8 26.e4 Nh6 27.e6 Qg5 28.Ra1 Bxb2 29.Qxb2 Qd2 30.Rf1
Rf3 31.Bxf3 gxf3 32.Rxf3 Qd1+ 33.Rf1 Qd3 34.Rf2 Qxe4 35.Qf6 Kh7 36.Rh2 {#r}
1-0

[Event "Ch Europe (juniors) (under 20) (g)"]
[Site "Svitavy (Czech Republic)"]
[Round "7"]
[White "Slepankova Radka (CZE)"]
[Black "Brokko-Olde Margit (EST)"]
[Result "1-0"]
[WhiteElo "2007"]
[BlackElo "2073"]

1.c4 e5 2.Nc3 Nc6 3.g3 d6 4.Bg2 g6 5.d3 Bg7 6.Bd2 Be6 7.Rb1 Qd7 8.b4 Nge7 9.b5
Nd8 10.e3 b6 11.a4 Rb8 12.a5 Bg4 13.Nge2 Bh3 14.O-O h5 15.f3 h4 16.Bxh3 Qxh3
17.g4 Ne6 18.Kh1 Nf5 19.gxf5 Qxf5 20.e4 Qh5 21.f4 exf4 22.Nxf4 Nxf4 23.Rxf4
Qe5 24.Nd5 O-O 25.Qg4 f6 26.Qxg6 c6 27.Rg1 f5 28.Bc3 {#r} 1-0

[Event "Ch Sweden (team)"]
[Site "Sweden"]
[Round "2"]
[White "Aspstrom Yngve (SWE)"]
[Black "Schutz Ingemar (SWE)"]
[Result "0-1"]
[WhiteElo "2150"]
[BlackElo "2194"]

1.c4 g6 2.Nc3 Bg7 3.g3 d6 4.Bg2 e5 5.d3 Nc6 6.e3 f5 7.Nge2 Nge7 8.O-O O-O
9.Rb1 g5 10.f4 Ng6 11.Nd5 g4 12.e4 Nd4 13.exf5 Nxf5 14.Ne3 exf4 15.Bd5+ Kh8
16.Nxf5 Bxf5 17.Nxf4 c6 18.Bg2 Qb6+ 19.Kh1 Qd4 20.Ra1 Ne5 21.Qb3 Nxd3 22.Nxd3
Bxd3 23.Rd1 Be4 24.Bf4 Bxg2+ {#R} 0-1

[Event "Ch Europe (juniors) (under 16)"]
[Site "Szombathely (Hungary)"]
[Round "0"]
[White "Leer-Salvesen Bjarte (NOR)"]
[Black "Bonstingl Georg (AUT)"]
[Result "0-1"]
[WhiteElo "2380"]
[BlackElo "2236"]

1.c4 g6 2.g3 Bg7 3.Bg2 d6 4.Nc3 e5 5.d3 Nc6 6.f4 exf4 7.Bxf4 Nge7 8.Qd2 Nf5
9.Nf3 Be6 10.O-O O-O 11.e4 Nfd4 12.Bh6 Nxf3+ 13.Bxf3 Bxh6 14.Qxh6 Ne5 15.Be2
c6 16.b3 Qb6+ 17.Kh1 Qd4 18.Qd2 f6 19.Rad1 Bh3 20.Rg1 f5 21.Rc1 fxe4 22.Nxe4
Bf5 23.Nc3 Bxd3 24.Bxd3 Nxd3 25.Rcd1 Nf2+ 26.Kg2 Qg4 {#R} 0-1

[Event "It (open)"]
[Site "Val Thorens (France)"]
[Round "2"]
[White "Sallen Laurent (FRA)"]
[Black "Mollov Ergin (BUL)"]
[Result "0-1"]
[WhiteElo "2214"]
[BlackElo "2394"]

1.c4 g6 2.Nc3 Bg7 3.g3 e5 4.Bg2 d6 5.d3 Nc6 6.Rb1 h5 7.h4 Bg4 8.b4 Qd7 9.b5
Nd8 10.Nd5 Ne7 11.Bg5 Ng8 12.Bxd8 Qxd8 13.Qa4 Bd7 14.Qa5 b6 15.Qa4 Rc8 16.Qxa7
Nf6 17.Nb4 e4 18.dxe4 Ra8 19.Qb7 Rb8 20.Qa7 O-O 21.Na6 Rc8 22.Nf3 Nxe4 23.O-O
Nc3 24.Rb3 d5 25.Ng5 Nxe2+ 26.Kh2 dxc4 27.Re3 Nd4 28.a4 Bh6 29.Bb7 Bxg5
30.hxg5 Qxg5 31.Bxc8 Rxc8 32.Nxc7 h4 33.Qxb6 Nf5 34.gxh4 Qf4+ 35.Kg1 Nxe3
36.Qxe3 Qxc7 37.b6 Qc6 38.a5 {#R} 0-1

[Event "It (open)"]
[Site "Warsaw (Poland)"]
[Round "0"]
[White "Savon Vladimir A (UKR)"]
[Black "Socko Bartosz (POL)"]
[Result "1-0"]
[WhiteElo "2450"]
[BlackElo "2628"]

1.c4 e5 2.Nc3 Nc6 3.g3 g6 4.Bg2 Bg7 5.d3 d6 6.Rb1 f5 7.b4 a6 8.a4 Nf6 9.e3 O-O
10.Nge2 g5 11.O-O Kh8 12.Nd5 Nxd5 13.cxd5 Ne7 14.f4 Ng6 15.Qc2 Bd7 16.Bd2 Rc8
17.fxe5 Nxe5 18.Nd4 Qe8 19.b5 Ng4 20.Ne6 Bxe6 21.dxe6 c6 22.bxa6 bxa6 23.h3
Nh6 24.e4 Qxe6 25.Bxg5 Rg8 26.Bf4 Bd4+ 27.Kh1 c5 28.Rb6 Nf7 29.Qc4 Qe7 30.exf5
Ne5 31.Qe6 Qxe6 32.fxe6 Nxd3 33.Bxd6 c4 34.Rc6 c3 35.Rxc8 Rxc8 36.e7 Nf2+
37.Rxf2 Bxf2 38.Be5+ {#r} 1-0

[Event "It (open)"]
[Site "Zaragoza (Spain)"]
[Round "0"]
[White "Suarez Roa Jose (ESP)"]
[Black "Carruez Berges Santiago (ESP)"]
[Result "0-1"]
[WhiteElo "2153"]
[BlackElo "2117"]

1.c4 g6 2.g3 Bg7 3.Bg2 d6 4.Nc3 e5 5.d3 Nc6 6.Nf3 f5 7.e3 Nf6 8.O-O O-O 9.a3
h6 10.Qc2 Be6 11.Rb1 g5 12.b4 f4 13.b5 Ne7 14.exf4 gxf4 15.Nh4 Rb8 16.Bb2 Nh7
17.Qe2 Qd7 18.Ne4 Ng5 19.Nf3 Nh3+ 20.Kh1 Bg4 21.Qd2 Ng6 22.Rbe1 Qf5 23.d4 Qh5
24.Qd3 Rbd8 25.dxe5 dxe5 {#R} 0-1

[Event "Ch PF"]
[Site "Bellheim (Germany)"]
[Round "0"]
[White "Burkhardt Tobias (GER)"]
[Black "Flierl Pascal (GER)"]
[Result "0-1"]
[WhiteElo "1934"]
[BlackElo "2204"]

1.c4 e5 2.Nc3 Nc6 3.g3 g6 4.Bg2 Bg7 5.d3 d6 6.e4 Nge7 7.Nge2 O-O 8.O-O Be6
9.Nd5 Qd7 10.Bg5 f6 11.Be3 f5 12.Qd2 Kh8 13.Rab1 Ng8 14.b4 Nf6 15.b5 Nd8
16.Nxf6 Bxf6 17.Rbc1 c6 18.d4 cxb5 19.exf5 gxf5 {#R} 0-1

[Event "It (open)"]
[Site "Budapest (Hungary)"]
[Round "9"]
[White "Zemerov Vladimir (RUS)"]
[Black "Stjazhkina Olga (RUS)"]
[Result "0-1"]
[WhiteElo "2415"]
[BlackElo "2247"]

1.c4 e5 2.g3 Nc6 3.Bg2 g6 4.Nc3 Bg7 5.d3 d6 6.b3 f5 7.Bb2 Nf6 8.Qd2 O-O 9.h4
Nd4 10.O-O-O c6 11.e3 Ne6 12.f4 Rb8 13.Nh3 Qc7 14.Ng5 h5 15.Kb1 Ng4 16.Rhe1
Bd7 17.Nxe6 Bxe6 18.Bf3 Rbe8 19.d4 Bc8 20.dxe5 dxe5 21.Ba3 Rf7 22.Bxg4 fxg4
23.Bd6 Qa5 24.Kb2 Rd8 25.Qc2 Bf5 26.e4 Be6 27.Rf1 Rfd7 28.c5 exf4 29.gxf4 b6
30.f5 bxc5 31.f6 Rxd6 32.Rxd6 Rxd6 33.e5 Bf5 34.Rxf5 gxf5 35.fxg7 Rd8 36.Qxf5
Qc7 37.Qxh5 Qxg7 38.Ne4 g3 39.Nf6+ Kf8 {#R} 0-1

[Event "Ch France"]
[Site "Chambery (France)"]
[Round "0"]
[White "Chabanon Jean-Luc (FRA)"]
[Black "Chomet Pascal (FRA)"]
[Result "1-0"]
[WhiteElo "2475"]
[BlackElo "2355"]

1.c4 e5 2.g3 d6 3.Bg2 Nc6 4.Nc3 g6 5.d3 Bg7 6.e4 h5 7.Nd5 Nd4 8.h3 c6 9.Ne3 h4
10.Nf3 Nxf3+ 11.Qxf3 Nf6 12.Bd2 Be6 13.Rb1 Qd7 14.g4 Qe7 15.O-O Nh7 16.Qe2 Ng5
17.Bc3 Qf8 18.b4 O-O-O 19.Qb2 Rh7 20.f4 exf4 21.Rxf4 Bxc3 22.Qxc3 Qh6 23.Rbf1
Qg7 24.d4 c5 25.Rf6 cxd4 26.Qxd4 Kb8 27.e5 Rhh8 28.exd6 Nh7 29.Qe4 Rd7 30.R6f2
Re8 31.c5 f5 32.gxf5 Ng5 33.Qxh4 gxf5 34.Nxf5 Bxf5 35.Rxf5 Rg8 36.Rxg5 {#r}
1-0

[Event "It (open) \"]
[Site "Cologne (Germany)"]
[Round "9"]
[White "Cmiel Thorsten (GER)"]
[Black "Matthaei Alexander (GER)"]
[Result "0-1"]
[WhiteElo "2250"]
[BlackElo "2295"]

1.g3 e5 2.Bg2 Nc6 3.c4 g6 4.Nc3 Bg7 5.d3 d6 6.Rb1 f5 7.Nf3 Nf6 8.O-O O-O 9.b4
Nh5 10.Nd5 f4 11.a4 Bg4 12.b5 Ne7 13.Nd2 Rb8 14.Ba3 Nxd5 15.cxd5 Qd7 16.Rc1
Bh6 17.Rc2 fxg3 18.fxg3 Be3+ 19.Kh1 Nxg3+ 20.hxg3 Qg7 {#R} 0-1

[Event "Extra League 1994/95"]
[Site "Czech Republic"]
[Round "4"]
[White "Jirovsky Milos (CZE)"]
[Black "Oral Tomas (CZE)"]
[Result "1-0"]
[WhiteElo "2410"]
[BlackElo "2375"]

1.c4 g6 2.Nc3 Bg7 3.g3 e5 4.Bg2 Nc6 5.d3 d6 6.e4 f5 7.h4 Be6 8.h5 Qd7 9.Nd5
O-O-O 10.h6 Bf8 11.Nf3 fxe4 12.dxe4 Bg4 13.Be3 Kb8 14.Qd2 Bxf3 15.Bxf3 Nd4
16.Bxd4 exd4 17.Bg2 Qe6 18.Qxd4 Qe5 19.Qd2 c6 20.Nc3 g5 21.O-O-O Bxh6 22.Rh5
Qf6 23.Kb1 Kc7 24.Rdh1 Rf8 25.f3 Qg6 26.Nd1 Rf6 27.Ne3 Re6 28.Ng4 Qg7 29.Bf1
c5 30.Be2 Rg6 31.Bd3 Re6 32.Bc2 Qf8 33.Qd5 Rg6 34.e5 Ne7 35.Qd1 Bg7 36.Bxg6
{#r} 1-0

[Event "Bayern Regionalliga Northwest 1994/95"]
[Site "Germany"]
[Round "0"]
[White "Schell Walter (GER)"]
[Black "Fischer Emil"]
[Result "1-0"]
[WhiteElo "2150"]
[BlackElo "2150"]

1.g3 g6 2.Bg2 Bg7 3.c4 e5 4.Nc3 Nc6 5.d3 d6 6.Rb1 a5 7.a3 Nf6 8.Nf3 O-O 9.O-O
Nh5 10.b4 axb4 11.axb4 h6 12.b5 Ne7 13.Nd2 c6 14.Qb3 Be6 15.Ba3 f5 16.Qb4 c5
17.Qb3 Qd7 18.Nd5 Bxd5 19.cxd5 Nf6 20.Bxc5 dxc5 21.d6+ Kh8 22.dxe7 Qxe7 23.Qc4
Rfc8 24.Ra1 Rab8 25.Ra7 Rc7 26.b6 Rd7 27.Rc1 Bf8 28.Nb3 Qd8 29.Nxc5 Rc8 30.Qb5
Rd6 31.Rb1 Rxb6 32.Qxb6 Qxb6 33.Rxb6 Bxc5 34.Rbxb7 Bxa7 35.Rxa7 Rc1+ 36.Bf1
Nd5 37.Ra5 Nc3 38.Rxe5 Kg7 39.Kg2 Re1 40.e3 Kf6 {#r} 1-0

[Event "Bundesliga (2nd) North 1993/94"]
[Site "Germany"]
[Round "0"]
[White "Schneider Bernhard (GER)"]
[Black "Schulz Rainer (GER)"]
[Result "0-1"]
[WhiteElo "2231"]
[BlackElo "2245"]

1.g3 e5 2.Bg2 Nc6 3.c4 g6 4.Nc3 Bg7 5.d3 d6 6.Rb1 a5 7.h4 Nf6 8.Bg5 h6 9.Bxf6
Qxf6 10.h5 g5 11.Nf3 Nd4 12.Nd2 c6 13.e3 Ne6 14.g4 Nc5 15.Nde4 Nxe4 16.Nxe4
Qe6 17.Bf3 O-O 18.Ng3 d5 19.cxd5 cxd5 20.Qb3 Rd8 21.O-O a4 22.Qb5 b6 23.Qb4
Bb7 24.Rfc1 Bf8 25.Qd2 e4 26.Be2 d4 27.dxe4 Bc5 28.exd4 Rxd4 29.Qc2 Qe5 30.Rd1
{#R} 0-1

[Event "Bundesliga 1993/94"]
[Site "Germany"]
[Round "5"]
[White "Reschke Stefan (GER)"]
[Black "Jussupow Artur (GER)"]
[Result "0-1"]
[WhiteElo "2385"]
[BlackElo "2655"]

1.c4 e5 2.g3 Nc6 3.Bg2 g6 4.Nc3 Bg7 5.d3 d6 6.Nf3 Nf6 7.O-O O-O 8.Rb1 a5 9.a3
Bf5 10.b4 axb4 11.axb4 Qd7 12.b5 Nd8 13.Bb2 Bh3 14.Ra1 Rb8 15.c5 Bxg2 16.Kxg2
Ne6 17.cxd6 cxd6 18.e4 Nh5 19.Ba3 f5 20.Nd5 Rf7 21.Bb4 Rd8 22.b6 Rdf8 23.Ra3
Nf6 24.Qd2 Kh8 25.Nxf6 Rxf6 26.Rc3 Qb5 27.Bxd6 fxe4 28.dxe4 Rxf3 29.Bxf8 Rxf8
30.Qd6 Nd4 31.Re3 Bh6 32.f4 Nc6 33.Ref3 Qe2+ 34.R1f2 Qxe4 35.fxe5 Nxe5
36.Qxe5+ Qxe5 37.Rxf8+ Bxf8 38.Rxf8+ Kg7 {#R} 0-1

[Event "Ch Europe (juniors) (g)"]
[Site "Litomysl (Czech Republic)"]
[Round "6"]
[White "Slepankova Radka (CZE)"]
[Black "Holoubkova Martina (CZE)"]
[Result "0-1"]
[WhiteElo "2007"]
[BlackElo "2268"]

1.c4 g6 2.g3 Bg7 3.Bg2 e5 4.Nc3 d6 5.d3 Nc6 6.Rb1 f5 7.e3 Nf6 8.Nge2 O-O 9.O-O
Kh8 10.b4 Ne7 11.a4 g5 12.f4 h6 13.a5 Rb8 14.Qe1 Be6 15.b5 Ng6 16.Ba3 Ng4
17.Qd2 gxf4 18.exf4 exf4 19.Nxf4 Bd4+ 20.Kh1 Nxf4 21.gxf4 Qh4 22.Bd5 Bf2
23.Rxf2 Nxf2+ 24.Kg1 Rg8+ 25.Bg2 Rxg2+ 26.Kxg2 Rg8+ 27.Kf1 Qh3+ 28.Ke2 Rg2
{#R} 0-1

[Event "Ch Poland (juniors) (under 20)"]
[Site "Poland"]
[Round "0"]
[White "Wismont Ryszard (POL)"]
[Black "Socko Bartosz (POL)"]
[Result "0-1"]
[WhiteElo "2320"]
[BlackElo "2628"]

1.c4 e5 2.Nc3 Nc6 3.g3 g6 4.Bg2 Bg7 5.d3 d6 6.Nf3 f5 7.h4 Nf6 8.Bg5 h6 9.Bxf6
Qxf6 10.Qd2 Be6 11.Nh2 O-O 12.Bd5 Rae8 13.O-O-O Bxd5 14.Nxd5 Qf7 15.f3 b5
16.e4 bxc4 17.dxc4 Nd4 18.exf5 gxf5 19.Rhg1 Kh8 20.g4 c6 21.Nc3 fxg4 22.Rxg4
h5 23.Rg2 Re6 24.Ne4 Rg6 25.Ng5 Qxc4+ 26.Kb1 Bh6 27.Rc1 Qg8 28.Rcg1 Bxg5
29.Rxg5 Rxg5 30.Rxg5 Qh7+ 31.Kc1 Rf4 32.Qg2 Ne6 33.b3 Nxg5 34.Qxg5 Rf5 {#R}
0-1

[Event "Ch Poland (juniors) (under 20) (g)"]
[Site "Poland"]
[Round "3"]
[White "Bobrowska Monika (POL)"]
[Black "Szczygiel Agnieszka (POL)"]
[Result "1-0"]
[WhiteElo "2438"]
[BlackElo "2066"]

1.c4 g6 2.Nc3 Bg7 3.g3 e5 4.Bg2 Nc6 5.d3 d6 6.Nf3 f5 7.O-O Nf6 8.Ne1 O-O 9.Nc2
Be6 10.Rb1 Qd7 11.b4 f4 12.b5 Nd8 13.Nb4 Bh3 14.d4 Bxg2 15.Kxg2 exd4 16.Qxd4
Ne6 17.Qd1 Ng5 18.Rh1 Qh3+ 19.Kg1 Kh8 20.Rb3 Ng4 21.Bxf4 Nxf2 22.Kxf2 Bxc3
23.Qd5 Rxf4+ 24.gxf4 Qh4+ 25.Ke3 Re8+ 26.Kd3 Bxb4 27.fxg5 Bc5 28.Rf1 Qxh2
29.Re1 Qf2 30.Qh1 Qd4+ 31.Kc2 Qxc4+ 32.Kb1 Qg4 33.Rh3 Qd7 34.a4 c6 35.Rh6 cxb5
36.a5 Re3 37.Rf1 {#r} 1-0

[Event "It (open)"]
[Site "San Bernadino Brocco (Switzerland)"]
[Round "0"]
[White "Catteau Ludovic (FRA)"]
[Black "Gallagher Joseph G (SUI)"]
[Result "0-1"]
[WhiteElo "2096"]
[BlackElo "2470"]

1.c4 g6 2.g3 Bg7 3.Bg2 e5 4.Nc3 d6 5.d3 Nc6 6.Rb1 a5 7.a3 Nf6 8.b4 axb4 9.axb4
O-O 10.b5 Ne7 11.e4 Nh5 12.Nge2 c6 13.O-O f5 14.exf5 gxf5 15.f4 exf4 16.gxf4
Kh8 17.bxc6 bxc6 18.Be3 Qe8 19.Qd2 Ng6 20.Bd4 Nf6 21.h3 Nh4 22.Kh1 Bd7 23.Kh2
Qh5 24.Ng3 Ng4+ 25.hxg4 Nf3# 0-1